Shipping Forecast Areas Quiz Stats

 Plays Quiz Updated Jan 24, 2020

     
Support Sporcle.
Go Orange.
Score 0/31 Timer 08:00
1 Play Today
% Correct
Dogger
79.4%
Irish Sea
78.5%
Biscay
76.8%
Dover
72.5%
German Bight
68.8%
Thames
67.6%
Wight
66.8%
Tyne
66.4%
Humber
66.3%
Hebrides
64.1%
Forth
61.8%
Plymouth
59.1%
Fastnet
58.8%
Southeast Iceland
58.4%
Trafalgar
58.3%
Portland
58.2%
% Correct
Lundy
58.2%
North Utsire
58%
South Utsire
58%
Cromarty
57.7%
Rockall
57.3%
Shannon
56.5%
Fisher
55.6%
Viking
55.2%
Faeroes
53.9%
Malin
53.6%
FitzRoy
53.2%
Forties
53.1%
Fair Isle
53%
Sole
50.8%
Bailey
43.6%

From the Vault

TV Show Taglines II

by vmarshall51

In the complex process of determining guilt and innocence, lives often hang in the balance.
Remove Ads.
Support Sporcle.
Get the best of Sporcle when you Go Orange. This ad-free experience offers more features, more stats, and more fun while also helping to support Sporcle. Thank you for becoming a member.

Show Comments

Extras

Top Quizzes Today


Score Distribution

Your Account Isn't Verified!

In order to create a playlist on Sporcle, you need to verify the email address you used during registration. Go to your Sporcle Settings to finish the process.

Report this User

Report this user for behavior that violates our Community Guidelines.

Details: